Características oceanográficas de la fosa de Cariaco y su relación con los cambios climáticos (Registro nro. 19795)

Detalles MARC
000 -CABECERA
Campo de control 00603nam a22001937a 4500
005 - FECHA Y HORA DE LA ULTIMA TRANSACCION
Campo de control 20170901140315.0
008 - ELEMENTOS DE LONGITUD FIJA—INFORMACION GENERAL
Campo de control 170901b2007 VE ||||| |||| 00| 0 spa d
020 ## - ISBN
ISBN 9789801226376
040 ## - FUENTE DE CATALOGACIÓN
Agencia catalogadora original CO-BoIAVH
Agencia transcriptora CO-BoIAVH
041 ## - IDIOMA
Código de idioma para texto/pista de sonido o título separado Español
044 ## - PAÍS DE PUBLICACIÓN
País de publicación Venezuela
082 14 - NUMERO DE CLASIFICACION DECIMAL DEWEY
Número de clasificación 551.462
Número del ítem C19c
245 00 - MENCION DE TITULO
Título Características oceanográficas de la fosa de Cariaco y su relación con los cambios climáticos
260 ## - PUBLICACION, DISTRIBUCION, ETC. (PIE DE IMPRENTA)
Lugar de publicación, distribución, etc. Caracas:
Nombre del editor, distribuidor, etc. Edimar;
-- Intecmar,
Fecha de publicación, distribución, etc. 2007.
300 ## - DESCRIPCION FISICA
Extensión 24 páginas
650 #0 - ASIENTO SECUNDARIO DE MATERIA - TERMINO TEMATICO
Término temático o nombre geográfico como elemento de entrada Oceanografía
Subdivisión geográfica Venezuela
9 (RLIN) 83849
650 #0 - ASIENTO SECUNDARIO DE MATERIA - TERMINO TEMATICO
Término temático o nombre geográfico como elemento de entrada Cuencas hidrográficas
Subdivisión geográfica Venezuela
9 (RLIN) 83850
942 ## - ELEMENTOS ADICIONALES (KOHA)
Sistema de clasificación Dewey Decimal Classification
Tipo de ítem Folleto
Existencias
Withdrawn status Lost status Sistema de Clasificación Damaged status No para préstamo Colección Inventariado Ubicación Permanente Ubicación actual Fecha de adquisición Total Checkouts Número topográfico Inventario / Código de Barras Date last seen Ejemplar Price effective from Forma de adquisición Tipo de material
    Local     Hemeroteca Inventariado 2017 Bogotá Bogotá 01/09/2017   FG-0146 042676 01/09/2017 Ej. 1 01/09/2017 Donación Folleto